| 000 | 01236cam a2200301 4500 | ||
|---|---|---|---|
| 001 | ABS64689 | ||
| 008 | 011029n2001 000 0 eng u | ||
| 035 | _a(Sirsi) u115366 | ||
| 245 | _aTenants, reviews, renewals and rent | ||
| 260 | _c2001 | ||
| 490 |
_aEstates Gazette _v(0142) 20 October 2001, 128-131(4) |
||
| 520 | _aA "mainly for students" article provides a basic introduction to landlord and tenant work carried out by surveyors. Explains the following areas: rent review; lease renewal and the Landlord and Tenant Act 1954; user clauses; alienation provisions; leases, tenancies and licenses; repair. Summarises the training of a landlord and tenant surveyor and indicates other possible areas of work where landlord and tenant overlaps with estate management. | ||
| 590 | _aABS | ||
| 650 | _aLEASES | ||
| 650 |
_aLANDLORD AND TENANT _96252 |
||
| 650 | _aLICENCES | ||
| 650 | _aREPAIRS | ||
| 650 | _aUSER CLAUSES | ||
| 650 | _aTENANCIES | ||
| 650 | _aALIENATION PROVISIONS | ||
| 650 | _aLANDLORD AND TENANT ACT 1954 | ||
| 650 | _aLEASE RENEWALS | ||
| 650 | _aSURVEYING | ||
| 650 | _aCAREERS, EDUCATION AND TRAINING | ||
| 650 | _aRENT REVIEW | ||
| 690 | _aPROPERTY-LANDLORD AND TENANT | ||
| 942 | _n0 | ||
| 999 |
_c68706 _d68706 |
||